Statistics for Countries Closest to Bulgaria - 30 Second Sprint

Click here to take the quiz!

General Stats

  • This quiz has been taken 45 times
  • The average score is 12 of 20

Answer Stats

kmcountry% Correct
0Greece
97%
0Romania
94%
0Turkey
89%
0Serbia
81%
148Albania
78%
0North
Macedonia
78%
54Kosovo
67%
164Moldova
67%
358Russia
64%
258Hungary
61%
148Ukraine
58%
221Bosnia and
Herzegovina
56%
315Croatia
56%
535Slovenia
50%
175Montenegro
42%
400Italy
39%
497Slovakia
39%
570Austria
25%
640Czechia
22%
533Poland
17%

Score Distribution

Percentile by Number Answered

Percent of People with Each Score

Your Score History

You have not taken this quiz